01007nam a22002651 450000100060000000300080000600500170001400800410003103500190007204000320009104100080012308200210013110000300015224501070018226000310028930000320032050400940035265000290044665000270047565000370050270000520053994200120059199900170060395201210062032992BD-RjUL20211209051929.0140429s1964 nyua b 001 0 eng d a(BD-RjUL)33082 aDLCcDLCdDLCdBD-RjULbeng aeng00a301.15bCOS 19641 aCollins, Barry E.910027112aA social psychology of group processes for decision-making /c Barry E. Collins [and] Harold Guetzkow. aNew York :bWiley ;c1964. ax, 254 p. :bill. ;c23 cm. aBibliography: p. 223-239. "A bibliography from conference research": p. 240-241 and Index 0aDecision making.9100272 0aSocial groups.9100273 0aInterpersonal relations.91002741 aGuetzkow, Harold Steere,ejoint author.9100275 2ddccBK c32992d32992 00102ddc40718NFICaRUCLbRUCLcReadingd2014-04-29l0o301.15 COS 1964r2014-04-29 00:00:00tC-1w2014-04-29yBK